Countries that hate USA - Statistics

General Stats
  • This quiz has been taken 3 times
  • The average score is 19 of 35
Answer Stats
Answer % Correct
. North Korea
100%
. Russia
100%
. Serbia
100%
. Afghanistan
67%
. Belarus
67%
. Cambodia
67%
. Chad
67%
. China
67%
. Democratic republic of the Congo
67%
. Iran
67%
. Iraq
67%
. Laos
67%
. Libya
67%
. Mali
67%
. Pakistan
67%
. Somalia
67%
. Sudan
67%
. Syria
67%
. Turkey
67%
. Venezuela
67%
. Yemen
67%
. Angola
33%
. Argentina
33%
. Bolivia
33%
. Brunei
33%
. Burundi
33%
. Chile
33%
. Cuba
33%
. Eritrea
33%
. Haiti
33%
. Mozambique
33%
. Myanmar
33%
. Peru
33%
. Turkmenistan
33%
. Nicaragua
0%
No matching quizzes found
Score Distribution
Percent of People with Each Score
Percentile by Number Answered
Your Score History
You have not taken this quiz